| 000 | 01030nam a22002177a 4500 | ||
|---|---|---|---|
| 005 | 20250305063531.0 | ||
| 008 | 250305b |||||||| |||| 00| 0 eng d | ||
| 020 | _q9789085731177 | ||
| 040 |
_aKMU _cKMU _dKMU _erda |
||
| 110 | _aAGROMISA | ||
| 245 |
_a20 Years collaboration: _bKnowledge sharing for sustainable agriculture development/ _cAGROMISA AND CTA |
||
| 260 |
_aNetherlands: _bAgromisa and CTA, _c2010. |
||
| 490 | _aAgromisa series | ||
| 500 | _aThe CD-ROM has been prepared to mark 20 years of collaboration between CTA and Agromisa, in the year of Agromisa's 75th aniversary. it contains 48 complete Agrodoks (in pdf) and other relevant publications. The agrodok series is a series of low priced,practaical manuals on small scale and sustainable agriculture in the tropics. | ||
| 610 | _asustainable agriculture | ||
| 610 | _asmall-scale farmers | ||
| 610 | _aDevelopment | ||
| 710 | _aCTA | ||
| 856 |
_dhttps://publications.cta.int/en/publications/series/agrodoks-en/index.html _fAgromisa |
||
| 942 |
_cCD _n0 _2ddc |
||
| 999 |
_c1784 _d1784 |
||